000 00564nam a2200229Ia 4500
003 0100
008 130307s9999 xx 000 0 und d
020 _a0340656239
040 _cARRUPELIB
050 _aBX2350 .2R747 1998
100 _aRolheiser , Ronald
245 _aSeeking Spirituality
245 _bGuidelines for a christian sprituality for the twenty -first century
260 _aLondon
260 _bHodder and Stoughton
260 _c1998
300 _avii
300 _b246p. 21cm.
650 _bEthics
650 _cVirtue
942 0 0 _01
999 _c94993
_d94993